[Event "30. Torneo San Viator 2018"]
[Site "Madrid ESP"]
[Date "2018.04.22"]
[Round "3.14"]
[White "Rojo Jorge, Luis"]
[Black "Gil Sierra, Jacinto"]
[Result "0-1"]
[WhiteElo "1654"]
[BlackElo "1897"]
[PlyCount "116"]
[EventDate "2018.04.08"]
[EventType "swiss"]
[EventRounds "9"]
[EventCountry "ESP"]
[SourceTitle "Ajedrez en Madrid"]
[Source "lmi"]
[SourceDate "2018.04.08"]

1. e4 c5 2. Nf3 Nc6 3. d4 cxd4 4. Nxd4 Nf6 5. Nc3 d6 6. Bg5 e6 7. Qd2 a6 8. Be2
h6 9. Nxc6 bxc6 10. Bf4 e5 11. Be3 Be7 12. O-O-O Ng4 13. Bxg4 Bxg4 14. f3 Be6
15. f4 Qa5 16. f5 Bxa2 17. Ne2 Qxd2+ 18. Rxd2 Bc4 19. Ng3 a5 20. Bb6 Bg5 21.
Rhd1 f6 22. Kb1 Bxd2 23. Rxd2 d5 24. b3 Rb8 25. Bxa5 d4 26. Kc1 Bf7 27. Bc7 Rb5
28. Bd6 Kd7 29. Ba3 Ra8 30. Bb2 c5 31. Ne2 Ke8 32. Kb1 Rab8 33. Ka1 c4 34. c3
Rxb3 35. cxd4 exd4 36. Nxd4 c3 37. Nxb3 Rxb3 38. Bxc3 Rxc3 39. Kb2 Re3 40. Rd4
Re2+ 41. Kc3 Rxg2 42. Ra4 Rxh2 43. Ra8+ Ke7 44. Ra7+ Kf8 45. Ra8+ Be8 46. Kd4
Rd2+ 47. Ke3 Rd7 48. Kf4 Re7 49. Rc8 Kf7 50. Rc5 Ba4 51. Rc8 Bb3 52. Rc3 Ba2
53. Rc1 Rb7 54. Rc2 Bb1 55. Rc1 Rb4 56. Re1 Rxe4+ 57. Rxe4 Bxe4 58. Kxe4 g5 0-1

[Event "30. Torneo San Viator 2018"]
[Site "Madrid ESP"]
[Date "2018.04.22"]
[Round "3.15"]
[White "Campos Tores, Jose Luis"]
[Black "Sanchez Fernandez, Juan Antonio"]
[Result "1-0"]
[WhiteElo "1894"]
[BlackElo "1751"]
[PlyCount "94"]
[EventDate "2018.04.08"]
[EventType "swiss"]
[EventRounds "9"]
[EventCountry "ESP"]
[SourceTitle "Ajedrez en Madrid"]
[Source "lmi"]
[SourceDate "2018.04.08"]

1. d4 Nf6 2. c4 g6 3. Nc3 d5 4. Bf4 Bg7 5. e3 O-O 6. Nf3 c5 7. Be2 Nc6 8. O-O
Bf5 9. dxc5 Qa5 10. Nd4 Qxc5 11. Nxf5 gxf5 12. Nxd5 Rfd8 13. Nxf6+ Bxf6 14. Qc1
Qb4 15. Rb1 Qd2 16. Bf3 e5 17. Bh6 e4 18. Bh5 Nb4 19. Qxd2 Rxd2 20. a3 Nd3 21.
b3 Rd8 22. f3 Rd6 23. fxe4 fxe4 24. Rf5 Bh4 25. Bxf7+ Kh8 26. Be6 Be7 27. Rbf1
Nf2 28. R5xf2 Rxf2 29. Rxf2 Rxe6 30. Bf8 Bg5 31. Bc5 b6 32. Bd4+ Kg8 33. a4 a5
34. Kf1 h6 35. Ke2 Kh7 36. Rf5 Kg6 37. Re5 Rxe5 38. Bxe5 Be7 39. Bd4 Bd8 40.
Be5 Be7 41. Kf2 Kf5 42. Bd4 Bd8 43. Kg3 h5 44. h3 h4+ 45. Kf2 Bc7 46. Ke2 Ke6
47. Kd2 Kd6 1-0

[Event "30. Torneo San Viator 2018"]
[Site "Madrid ESP"]
[Date "2018.04.22"]
[Round "3.17"]
[White "Padin Lazaro, Jose Manuel"]
[Black "Casares Sanchez, Rodrigo"]
[Result "0-1"]
[WhiteElo "1870"]
[BlackElo "1702"]
[PlyCount "72"]
[EventDate "2018.04.08"]
[EventType "swiss"]
[EventRounds "9"]
[EventCountry "ESP"]
[SourceTitle "Ajedrez en Madrid"]
[Source "lmi"]
[SourceDate "2018.04.08"]

1. e4 e6 2. d4 d5 3. Nc3 Nf6 4. Bg5 Be7 5. e5 Nfd7 6. Bxe7 Qxe7 7. f4 O-O 8.
Nf3 c5 9. dxc5 Nxc5 10. Bd3 Nxd3+ 11. Qxd3 f6 12. O-O fxe5 13. fxe5 Nc6 14. Kh1
Bd7 15. a3 Be8 16. Ne2 Bg6 17. Qd2 Rf7 18. Ned4 Raf8 19. Qe2 Bh5 20. c3 Rf4 21.
Qd3 Bg6 22. Qe3 Nxd4 23. cxd4 Qf7 24. Rac1 Be4 25. Rc3 g5 26. Rfc1 Qh5 27. Rc8
Bxf3 28. gxf3 Rxf3 29. Rxf8+ Rxf8 30. Rc7 Qd1+ 31. Kg2 Qg4+ 32. Qg3 Qe4+ 33.
Kg1 Qxd4+ 34. Kg2 Qe4+ 35. Kg1 Qf5 36. Rc1 d4 0-1

[Event "30. Torneo San Viator 2018"]
[Site "Madrid ESP"]
[Date "2018.04.22"]
[Round "3.18"]
[White "Conchillo Roman, Jose Ignacio"]
[Black "Julian Serra, Rogelio"]
[Result "0-1"]
[WhiteElo "1553"]
[BlackElo "2002"]
[PlyCount "33"]
[EventDate "2018.04.08"]
[EventType "swiss"]
[EventRounds "9"]
[EventCountry "ESP"]
[SourceTitle "Ajedrez en Madrid"]
[Source "lmi"]
[SourceDate "2018.04.08"]

1. e4 d5 2. exd5 Nf6 3. d4 Nxd5 4. c4 Nb6 5. Nf3 Bg4 6. Be2 Nc6 7. d5 Bxf3 8.
gxf3 Ne5 9. f4 Ng6 10. Nc3 e6 11. dxe6 Qxd1+ 12. Kxd1 fxe6 13. Kc2 Bd6 14. Bg4
Kf7 15. Re1 Rhe8 16. Re4 Nd7 17. Be3 0-1

[Event "30. Torneo San Viator 2018"]
[Site "Madrid ESP"]
[Date "2018.04.22"]
[Round "3.19"]
[White "Garcia Galeote, Lorenzo"]
[Black "Uceda Martinez, Jacinto"]
[Result "0-1"]
[WhiteElo "1972"]
[BlackElo "1782"]
[PlyCount "110"]
[EventDate "2018.04.08"]
[EventType "swiss"]
[EventRounds "9"]
[EventCountry "ESP"]
[SourceTitle "Ajedrez en Madrid"]
[Source "lmi"]
[SourceDate "2018.04.08"]

1. Nf3 f5 2. d4 Nf6 3. h3 e6 4. g4 Nc6 5. Nc3 Bb4 6. a3 Bxc3+ 7. bxc3 Ne4 8.
Qd3 d5 9. c4 O-O 10. gxf5 exf5 11. cxd5 Qxd5 12. Rg1 Be6 13. Bh6 Rf7 14. e3
Qa5+ 15. Nd2 Rd8 16. Rd1 Ne5 17. dxe5 Rxd3 18. Bxd3 Nc3 19. Ra1 Qxe5 20. Bf4
Qa5 21. Kf1 Rd7 22. Nc4 Bxc4 23. Bxc4+ Kf8 24. Bd3 Ne4 25. Re1 Qxa3 26. Be5 Qa5
27. f4 Qd5 28. Rd1 Qa5 29. Rg2 c5 30. Ra1 Qb6 31. Kg1 c4 32. Bxc4 Qxe3+ 33. Kh2
g6 34. Bd3 a6 35. Rag1 Rd5 36. Bc7 Nd6 37. Rf1 Qc5 38. Bb8 Ne4 39. h4 Nf6 40.
Rg3 Ng4+ 41. Kh1 Qc6 42. Rgf3 h5 43. Kg2 Qf6 44. Kg3 b5 45. Re1 Qb6 46. Be5 Qc5
47. Bb2 Qb4 48. Rb1 Qd2 49. Rh1 Rxd3 50. Rxd3 Qf2+ 51. Kh3 Qxc2 52. Rf3 Qxb2
53. Kg3 a5 54. Rff1 b4 55. Rhg1 a4 0-1

[Event "30. Torneo San Viator 2018"]
[Site "Madrid ESP"]
[Date "2018.04.22"]
[Round "3.20"]
[White "Del Rio Perezagua, Mario"]
[Black "Alvarez Cerbero, Julio Enrique"]
[Result "1-0"]
[WhiteElo "1881"]
[BlackElo "1501"]
[PlyCount "61"]
[EventDate "2018.04.08"]
[EventType "swiss"]
[EventRounds "9"]
[EventCountry "ESP"]
[SourceTitle "Ajedrez en Madrid"]
[Source "lmi"]
[SourceDate "2018.04.08"]

1. d4 g6 2. Nc3 Bg7 3. e4 d6 4. Be3 a6 5. Qd2 b5 6. f3 Nd7 7. O-O-O Bb7 8. g4
h6 9. h4 c5 10. Kb1 Ngf6 11. Nh3 cxd4 12. Bxd4 Ne5 13. Be2 Nc4 14. Bxc4 bxc4
15. g5 Nh5 16. Bxg7 Nxg7 17. gxh6 Nh5 18. Nf4 Qa5 19. Nfd5 Bxd5 20. exd5 Rb8
21. Ka1 Qb4 22. Rb1 a5 23. Rhe1 Rb7 24. a3 Qb6 25. Re4 Rc7 26. Qg5 Kd8 27. Rbe1
Nf6 28. Rxe7 Rxe7 29. Qxf6 Rhe8 30. h7 Qf2 31. Rxe7 1-0

[Event "30. Torneo San Viator 2018"]
[Site "Madrid ESP"]
[Date "2018.04.22"]
[Round "3.21"]
[White "Jimenez Gonzalez, Marcos"]
[Black "Barahona Torrijos, Angel"]
[Result "1-0"]
[WhiteElo "1802"]
[BlackElo "1862"]
[PlyCount "41"]
[EventDate "2018.04.08"]
[EventType "swiss"]
[EventRounds "9"]
[EventCountry "ESP"]
[SourceTitle "Ajedrez en Madrid"]
[Source "lmi"]
[SourceDate "2018.04.08"]

1. d4 Nf6 2. c4 e5 3. dxe5 Ng4 4. Nf3 Nc6 5. Bf4 Bb4+ 6. Nbd2 Qe7 7. e3 Ncxe5
8. Nxe5 Nxe5 9. Be2 O-O 10. O-O Ng6 11. Bg3 d6 12. a3 Bxd2 13. Qxd2 Be6 14.
Rac1 Rad8 15. Qc3 f5 16. Bf3 f4 17. exf4 Nxf4 18. Bxf4 Rxf4 19. Qe3 Qf7 20.
Rfe1 Bd7 21. Bd5 1-0

[Event "30. Torneo San Viator 2018"]
[Site "Madrid ESP"]
[Date "2018.04.22"]
[Round "3.22"]
[White "Montoya Gandia, Manuel"]
[Black "Matesanz Bonastre, Rafael"]
[Result "1-0"]
[WhiteElo "1639"]
[BlackElo "1856"]
[PlyCount "81"]
[EventDate "2018.04.08"]
[EventType "swiss"]
[EventRounds "9"]
[EventCountry "ESP"]
[SourceTitle "Ajedrez en Madrid"]
[Source "lmi"]
[SourceDate "2018.04.08"]

1. d4 Nf6 2. Nf3 e6 3. g3 d5 4. Bg2 c5 5. c4 cxd4 6. cxd5 Bb4+ 7. Bd2 Nxd5 8.
Nxd4 O-O 9. O-O Bc5 10. Nb3 Bb6 11. Nc3 Nc6 12. Na4 Bc7 13. Rc1 Qe7 14. a3 Rd8
15. Qc2 Bd7 16. Nac5 Rab8 17. Rfd1 Be8 18. e4 Nf6 19. Be3 Ng4 20. Rxd8 Qxd8 21.
Bd2 Nd4 22. Qd1 Nxb3 23. Nxb3 Ne5 24. Qc2 Bb6 25. Bf4 Nd3 26. Rd1 Bxf2+ 27. Kf1
Rc8 28. Qxd3 Bb5 29. Qxb5 Qxd1+ 30. Kxf2 Rc2+ 31. Nd2 h6 32. Bf3 Qa1 33. Qe8+
Kh7 34. Qxf7 Qxb2 35. Qxe6 Qd4+ 36. Kg2 g5 37. Qf7+ Kh8 38. Qe8+ Kh7 39. Qf7+
Kh8 40. Qe8+ Kh7 41. Bh5 1-0

[Event "30. Torneo San Viator 2018"]
[Site "Madrid ESP"]
[Date "2018.04.22"]
[Round "3.23"]
[White "Sanchez Gomez, Emiliano"]
[Black "Cid Garcia, Ramon"]
[Result "0-1"]
[WhiteElo "1742"]
[BlackElo "1847"]
[PlyCount "40"]
[EventDate "2018.04.08"]
[EventType "swiss"]
[EventRounds "9"]
[EventCountry "ESP"]
[SourceTitle "Ajedrez en Madrid"]
[Source "lmi"]
[SourceDate "2018.04.08"]

1. e4 e5 2. Nf3 Nc6 3. Bb5 f5 4. d3 fxe4 5. dxe4 Nf6 6. O-O Bc5 7. Nc3 d6 8. h3
O-O 9. Bg5 h6 10. Bh4 g5 11. Bg3 Nh5 12. Bh2 g4 13. hxg4 Bxg4 14. Be2 Nf4 15.
Bxf4 Rxf4 16. Nd2 Qh4 17. Nf3 Bxf3 18. Bxf3 Nd4 19. Be2 Ne6 20. Bc4 Bxf2+ 0-1

[Event "30. Torneo San Viator 2018"]
[Site "Madrid ESP"]
[Date "2018.04.22"]
[Round "3.24"]
[White "Sotoca Aguado, Jose"]
[Black "Mihalcea, George Andrei"]
[Result "1-0"]
[WhiteElo "1847"]
[BlackElo "1791"]
[PlyCount "105"]
[EventDate "2018.04.08"]
[EventType "swiss"]
[EventRounds "9"]
[EventCountry "ESP"]
[SourceTitle "Ajedrez en Madrid"]
[Source "lmi"]
[SourceDate "2018.04.08"]

1. d4 d5 2. Nf3 Nf6 3. Bf4 c6 4. e3 Bf5 5. Bd3 Bg6 6. O-O e6 7. h3 Bd6 8. Ne5
Bxd3 9. Qxd3 Qc7 10. Nd2 Nbd7 11. Ndf3 Ne4 12. c4 f6 13. c5 Bxe5 14. dxe5 Ndxc5
15. Qd4 f5 16. Rac1 Qe7 17. b4 Nd7 18. Ne1 Nb6 19. f3 Ng5 20. Nd3 Nf7 21. Nc5
Nc4 22. e4 fxe4 23. fxe4 O-O 24. Rce1 b6 25. Nd3 Ng5 26. exd5 cxd5 27. Bc1 Ne4
28. Nf4 b5 29. Nxd5 exd5 30. Qxd5+ Kh8 31. Qxe4 Qxb4 32. e6 Qc5+ 33. Kh1 Rxf1+
34. Rxf1 Re8 35. e7 h6 36. Bxh6 Qxe7 37. Bxg7+ Kxg7 38. Qg4+ Kh6 39. Rf5 Qe1+
40. Kh2 Qe5+ 41. Rxe5 Rxe5 42. Qd7 a5 43. Qc6+ Kg5 44. Qf3 a4 45. g3 Kg6 46. h4
Ne3 47. Qf4 Nc4 48. Kh3 a3 49. Qf3 Kg7 50. h5 Kh6 51. Qf6+ Kh7 52. Qf7+ Kh8 53.
h6 1-0

[Event "30. Torneo San Viator 2018"]
[Site "Madrid ESP"]
[Date "2018.04.22"]
[Round "3.25"]
[White "Gonzalez-Ruano Perez, Cesar"]
[Black "Tudela Garcia, Antonio"]
[Result "1-0"]
[WhiteElo "1833"]
[BlackElo "1562"]
[PlyCount "89"]
[EventDate "2018.04.08"]
[EventType "swiss"]
[EventRounds "9"]
[EventCountry "ESP"]
[SourceTitle "Ajedrez en Madrid"]
[Source "lmi"]
[SourceDate "2018.04.08"]

1. e4 e5 2. Nf3 Nc6 3. d4 exd4 4. Nxd4 Qf6 5. Be3 Bc5 6. c3 Nge7 7. Be2 d6 8.
O-O Qg6 9. Bh5 Qxe4 10. Nd2 Qe5 11. Nxc6 bxc6 12. Re1 Bxe3 13. Rxe3 Qf6 14. Qe2
Kd8 15. Re1 Be6 16. Bxf7 Qxf7 17. Rxe6 Ng6 18. Qc4 Rf8 19. Qxc6 Rb8 20. f3 Qd7
21. Qe4 d5 22. Qe3 Rb6 23. Rxb6 axb6 24. b4 Re8 25. Qxe8+ Qxe8 26. Rxe8+ Kxe8
27. Kf2 Kd7 28. Ke3 Ne5 29. h3 b5 30. f4 Ng6 31. g3 Kd6 32. Nf3 h6 33. Nd4 c6
34. Nf5+ Ke6 35. Nxg7+ Kf6 36. Nh5+ Ke6 37. g4 Kd6 38. f5 Ne5 39. Nf4 c5 40.
bxc5+ Kxc5 41. Nd3+ Kd6 42. Nxe5 Kxe5 43. h4 h5 44. gxh5 Kxf5 45. Kd4 1-0

[Event "30. Torneo San Viator 2018"]
[Site "Madrid ESP"]
[Date "2018.05.06"]
[Round "4.1"]
[White "Garcia Dorado, Alberto"]
[Black "Longa Yauca, Javier"]
[Result "1/2-1/2"]
[WhiteElo "2151"]
[BlackElo "2250"]
[PlyCount "86"]
[EventDate "2018.04.08"]
[EventType "swiss"]
[EventRounds "9"]
[EventCountry "ESP"]
[SourceTitle "Ajedrez en Madrid"]
[Source "lmi"]
[SourceDate "2018.04.08"]

1. d4 Nf6 2. c4 g6 3. Nf3 d6 4. g3 Bg7 5. Bg2 O-O 6. O-O c5 7. Nc3 Nc6 8. h3
Bd7 9. Be3 b6 10. Qd2 Rb8 11. b3 Qc8 12. Kh2 Re8 13. Rac1 e5 14. dxe5 dxe5 15.
Bh6 Nd4 16. Bxg7 Kxg7 17. Ne1 e4 18. Nc2 Nxc2 19. Qxc2 Bc6 20. Rcd1 Qc7 21. e3
h5 22. Kg1 Re5 23. Rd2 h4 24. g4 Rbe8 25. Rfd1 Qc8 26. Rd6 a6 27. Qb2 g5 28.
Nxe4 Bxe4 29. Bxe4 Nxe4 30. f4 Nxd6 31. Rxd6 f6 32. fxe5 Rxe5 33. Qd2 Qa8 34.
Qf2 Qf8 35. Rxb6 a5 36. Qd2 Qe7 37. Kf2 Re6 38. Rxe6 Qxe6 39. Qd5 Qe7 40. Ke2
Qc7 41. Kd3 Qg3 42. Qxc5 Qxh3 43. Qe7+ Kg6 1/2-1/2

[Event "30. Torneo San Viator 2018"]
[Site "Madrid ESP"]
[Date "2018.05.06"]
[Round "4.2"]
[White "Rodriguez Melendez, Juan Humbert"]
[Black "Perdomo Araujo, Angel Eduardo"]
[Result "1/2-1/2"]
[WhiteElo "2174"]
[BlackElo "2084"]
[PlyCount "94"]
[EventDate "2018.04.08"]
[EventType "swiss"]
[EventRounds "9"]
[EventCountry "ESP"]
[SourceTitle "Ajedrez en Madrid"]
[Source "lmi"]
[SourceDate "2018.04.08"]

1. d4 Nf6 2. c4 g6 3. g3 Bg7 4. Bg2 d5 5. cxd5 Nxd5 6. Nf3 O-O 7. O-O Nc6 8.
Nc3 Nxc3 9. bxc3 e5 10. e3 Bg4 11. Qb3 Rb8 12. Ba3 Be6 13. c4 Na5 14. Qa4 c5
15. Bxc5 Bxc4 16. Bxf8 b5 17. Qc2 Qxf8 18. Rfd1 Nc6 19. Nd2 Nb4 20. Qc3 exd4
21. exd4 Bxa2 22. Qb2 Be6 23. Rxa7 Nd5 24. Ne4 h6 25. Qd2 Nf6 26. Ra3 Nxe4 27.
Bxe4 Qd6 28. Ra8 Kh7 29. Rxb8 Qxb8 30. Rb1 Qd6 31. Rxb5 Bxd4 32. Rb1 Qe5 33.
Bg2 Qf6 34. Rd1 Bc5 35. Qe2 h5 36. Qf3 Qb2 37. h3 Kg7 38. Re1 Kh7 39. Qe2 Qc3
40. Kh2 Bc4 41. Qe4 Bxf2 42. Rd1 Qxg3+ 43. Kh1 Be6 44. Rd3 Qc7 45. Qf3 Qa7 46.
Qc6 Qa5 47. Qc3 Qg5 1/2-1/2

[Event "30. Torneo San Viator 2018"]
[Site "Madrid ESP"]
[Date "2018.05.06"]
[Round "4.3"]
[White "Lobato Rivero, Carlos"]
[Black "Vaquerizo Calvo, Miguel Arturo"]
[Result "0-1"]
[WhiteElo "1968"]
[BlackElo "2035"]
[PlyCount "66"]
[EventDate "2018.04.08"]
[EventType "swiss"]
[EventRounds "9"]
[EventCountry "ESP"]
[SourceTitle "Ajedrez en Madrid"]
[Source "lmi"]
[SourceDate "2018.04.08"]

1. d4 Nf6 2. c4 g6 3. Nc3 Bg7 4. e4 d6 5. h3 O-O 6. Be3 e5 7. d5 Na6 8. Bd3 Nc5
9. Bc2 a5 10. Nge2 Nfd7 11. g4 Nb6 12. b3 a4 13. b4 Na6 14. Bxb6 cxb6 15. b5
Nc5 16. Nxa4 Nxa4 17. Bxa4 f5 18. gxf5 gxf5 19. Bc2 Qc7 20. Bb3 fxe4 21. Ng3 e3
22. fxe3 Qc5 23. Qe2 e4 24. Nxe4 Qb4+ 25. Qd2 Qxb3 26. axb3 Rxa1+ 27. Ke2 Rxh1
28. Qb4 Rh2+ 29. Kd3 Bf5 30. Qxd6 Rb2 31. Qxb6 Re8 32. c5 Bxe4+ 33. Kc4 Rc2+
0-1

[Event "30. Torneo San Viator 2018"]
[Site "Madrid ESP"]
[Date "2018.05.06"]
[Round "4.4"]
[White "Renteria, Jorge"]
[Black "Luque Ibanes, Manuel"]
[Result "1-0"]
[WhiteElo "2276"]
[BlackElo "1997"]
[PlyCount "89"]
[EventDate "2018.04.08"]
[EventType "swiss"]
[EventRounds "9"]
[EventCountry "ESP"]
[SourceTitle "Ajedrez en Madrid"]
[Source "lmi"]
[SourceDate "2018.04.08"]

1. e4 c5 2. Nf3 Nc6 3. d4 cxd4 4. Nxd4 Nf6 5. Nc3 e5 6. Ndb5 d6 7. Bg5 a6 8.
Na3 b5 9. Bxf6 gxf6 10. Nd5 f5 11. g3 Bg7 12. Bg2 O-O 13. c3 fxe4 14. Bxe4 f5
15. Bg2 e4 16. O-O Ne5 17. f4 Nd3 18. Qe2 Be6 19. Rad1 Bxd5 20. Rxd3 exd3 21.
Bxd5+ Kh8 22. Qxd3 Qb6+ 23. Kg2 Rae8 24. Nc2 b4 25. cxb4 Bxb2 26. a4 Rc8 27.
Rf2 Bg7 28. a5 Qa7 29. Bc4 Rc6 30. Re2 Rfc8 31. Bd5 Rc3 32. Qxf5 Rf8 33. Qe4
Qc7 34. Ne1 Rb8 35. Nf3 Rf8 36. Ng5 Bf6 37. Ne6 Re8 38. Nxc7 Rxe4 39. Rxe4 Rxc7
40. b5 axb5 41. Re8+ Kg7 42. g4 Bd4 43. a6 Rf7 44. g5 Kg6 45. f5+ 1-0

[Event "30. Torneo San Viator 2018"]
[Site "Madrid ESP"]
[Date "2018.05.06"]
[Round "4.5"]
[White "Martinez Fernandez, Raul"]
[Black "Gil Sierra, Jacinto"]
[Result "1-0"]
[WhiteElo "2176"]
[BlackElo "1897"]
[PlyCount "67"]
[EventDate "2018.04.08"]
[EventType "swiss"]
[EventRounds "9"]
[EventCountry "ESP"]
[SourceTitle "Ajedrez en Madrid"]
[Source "lmi"]
[SourceDate "2018.04.08"]

1. e4 c5 2. Nf3 a6 3. c4 Nc6 4. d4 cxd4 5. Nxd4 Qb6 6. Nb3 Nf6 7. Nc3 e6 8. Be3
Qc7 9. f4 Bb4 10. e5 Ne4 11. Qc2 d5 12. exd6 Nxd6 13. Bd3 Nf5 14. Bd2 O-O 15.
O-O Rd8 16. Bxf5 exf5 17. Nd5 Qd6 18. Be3 Be6 19. a3 Ba5 20. Bc5 Qb8 21. Nxa5
Nxa5 22. Nb6 Qc7 23. Be3 Rab8 24. b4 Nc6 25. Rad1 h6 26. Nd5 Nxb4 27. Nxb4 a5
28. Nd3 Qxc4 29. Qb1 Qe4 30. Bb6 Bd5 31. Rf2 Rdc8 32. Re1 Qa4 33. Qb2 Rc4 34.
Qe5 1-0

[Event "30. Torneo San Viator 2018"]
[Site "Madrid ESP"]
[Date "2018.05.06"]
[Round "4.6"]
[White "Robles Diaz, Jose Alberto"]
[Black "Campos Tores, Jose Luis"]
[Result "1-0"]
[WhiteElo "2086"]
[BlackElo "1894"]
[PlyCount "35"]
[EventDate "2018.04.08"]
[EventType "swiss"]
[EventRounds "9"]
[EventCountry "ESP"]
[SourceTitle "Ajedrez en Madrid"]
[Source "lmi"]
[SourceDate "2018.04.08"]

1. c4 Nf6 2. Nc3 g6 3. Nf3 Bg7 4. g3 O-O 5. Bg2 d6 6. O-O Nbd7 7. d4 e5 8. h3
c6 9. e4 Qa5 10. Be3 Re8 11. d5 cxd5 12. cxd5 Nc5 13. Nd2 b5 14. Nb3 Nxb3 15.
axb3 Qb4 16. Ra3 Nxe4 17. Na2 Nxf2 18. Bxf2 1-0

[Event "30. Torneo San Viator 2018"]
[Site "Madrid ESP"]
[Date "2018.05.06"]
[Round "4.7"]
[White "Perez Calahorra, Ricardo"]
[Black "Rosa Ramirez, Victor D"]
[Result "1-0"]
[WhiteElo "2064"]
[BlackElo "1884"]
[PlyCount "79"]
[EventDate "2018.04.08"]
[EventType "swiss"]
[EventRounds "9"]
[EventCountry "ESP"]
[SourceTitle "Ajedrez en Madrid"]
[Source "lmi"]
[SourceDate "2018.04.08"]

1. e4 e6 2. d4 d5 3. exd5 exd5 4. c4 Bb4+ 5. Nc3 Nc6 6. Nf3 Nge7 7. Bd3 dxc4 8.
Bxc4 O-O 9. O-O Bg4 10. Be3 Nf5 11. Qd3 g6 12. Bg5 Be7 13. Bxe7 Nfxe7 14. d5
Nb4 15. Qe4 Bf5 16. Qe5 Re8 17. Rad1 Nc8 18. Qf4 Qd6 19. Qh4 Qe7 20. Rfe1 Qf8
21. Rxe8 Qxe8 22. Bb5 Qe7 23. Qh6 Nd6 24. Bf1 a5 25. Re1 Qf8 26. Qh4 f6 27. a3
Nd3 28. Bxd3 Bxd3 29. Qd4 Bf5 30. h3 h5 31. Qa4 Qf7 32. Re3 Bd7 33. Qc2 Bf5 34.
Qc1 Re8 35. Nd4 Bd7 36. Rg3 Kh7 37. Qf4 f5 38. Nf3 Qf6 39. h4 Ne4 40. Nxe4 1-0

[Event "30. Torneo San Viator 2018"]
[Site "Madrid ESP"]
[Date "2018.05.06"]
[Round "4.8"]
[White "Fernandez Rios, Jose Francisco"]
[Black "Cervino Rossel, Cristobal"]
[Result "0-1"]
[WhiteElo "1741"]
[BlackElo "2063"]
[PlyCount "80"]
[EventDate "2018.04.08"]
[EventType "swiss"]
[EventRounds "9"]
[EventCountry "ESP"]
[SourceTitle "Ajedrez en Madrid"]
[Source "lmi"]
[SourceDate "2018.04.08"]

1. d4 Nf6 2. c4 e6 3. Nf3 b6 4. e3 Bb7 5. Bd3 c5 6. O-O Be7 7. Nc3 d6 8. d5 e5
9. e4 O-O 10. Bd2 Bc8 11. h3 Ne8 12. a3 g6 13. Bh6 Ng7 14. g4 Nd7 15. Kh1 Kh8
16. Qd2 Nf6 17. Nh2 Ng8 18. Be3 f5 19. f3 f4 20. Bf2 h5 21. b4 Nh6 22. bxc5
bxc5 23. Rfb1 hxg4 24. hxg4 Kh7 25. Kg2 Rh8 26. Rh1 Kg8 27. Rab1 Bg5 28. Qe1
Ne8 29. Be2 Nf6 30. Bh4 Nfxg4 31. Nxg4 Nxg4 32. Bxg5 Ne3+ 33. Kf2 Qxg5 34.
Rxh8+ Kxh8 35. Qh1+ Kg7 36. Qh2 Ba6 37. Qh3 Qh5 38. Qd7+ Kh6 39. Qc6 Qh4+ 40.
Kg1 Qg3+ 0-1

[Event "30. Torneo San Viator 2018"]
[Site "Madrid ESP"]
[Date "2018.05.06"]
[Round "4.9"]
[White "Casares Sanchez, Rodrigo"]
[Black "Pajuelo Morales, Raul"]
[Result "0-1"]
[WhiteElo "1702"]
[BlackElo "2005"]
[PlyCount "155"]
[EventDate "2018.04.08"]
[EventType "swiss"]
[EventRounds "9"]
[EventCountry "ESP"]
[SourceTitle "Ajedrez en Madrid"]
[Source "lmi"]
[SourceDate "2018.04.08"]

1. e4 c5 2. Nc3 d6 3. g3 Nf6 4. Bg2 Nc6 5. Nge2 e6 6. O-O Be7 7. d4 cxd4 8.
Nxd4 Bd7 9. Ndb5 Qb8 10. Bf4 Ne5 11. a4 a6 12. Na3 Qc7 13. Qe2 O-O 14. Rfd1
Rfd8 15. Rd2 Rac8 16. Rad1 Qb6 17. Rb1 Qb4 18. Nd1 Bxa4 19. c3 Qa5 20. Ne3 Bb3
21. g4 Ng6 22. Bg3 Qg5 23. h4 Qc5 24. g5 Ne8 25. h5 Ne5 26. Kh1 Nc4 27. Naxc4
Bxc4 28. Nxc4 Qxc4 29. Qe3 Qc5 30. Qxc5 dxc5 31. Rbd1 Bxg5 32. f4 Be7 33. e5
Rxd2 34. Rxd2 Rc7 35. f5 Bg5 36. Rd1 exf5 37. e6 Re7 38. exf7+ Kxf7 39. Rd5 g6
40. hxg6+ hxg6 41. Rxc5 Be3 42. Rc8 Ke6 43. Bf1 g5 44. Bc4+ Kf6 45. Bd5 f4 46.
Be1 Nd6 47. Rf8+ Ke5 48. c4 Bd4 49. Rg8 Kf6 50. Bb4 Be5 51. c5 Nb5 52. Rh8 Kf5
53. Rf8+ Kg6 54. Kg2 Bd4 55. Bc4 Re3 56. Rd8 Bxb2 57. Rd7 Rg3+ 58. Kh2 g4 59.
Bf7+ Kf6 60. Ba5 Rh3+ 61. Kg1 Bd4+ 62. Kf1 Bxc5 63. Bd8+ Kg7 64. Bh5+ Kh6 65.
Bxg4 Rg3 66. Bf5 Rg1+ 67. Ke2 Nd4+ 68. Kd2 Nxf5 69. Rd5 Be3+ 70. Kc3 Rc1+ 71.
Kb2 Ng3 72. Bb6 Re1 73. Ba5 Re2+ 74. Kb1 f3 75. Rd1 f2 76. Bc3 f1=Q 77. Rxf1
Nxf1 78. Bd4 0-1

[Event "30. Torneo San Viator 2018"]
[Site "Madrid ESP"]
[Date "2018.05.06"]
[Round "4.11"]
[White "Uceda Martinez, Jacinto"]
[Black "Ramos Del Campo, Alexander"]
[Result "0-1"]
[WhiteElo "1782"]
[BlackElo "2176"]
[PlyCount "86"]
[EventDate "2018.04.08"]
[EventType "swiss"]
[EventRounds "9"]
[EventCountry "ESP"]
[SourceTitle "Ajedrez en Madrid"]
[Source "lmi"]
[SourceDate "2018.04.08"]

1. d4 Nf6 2. c4 e6 3. Nf3 Bb4+ 4. Nc3 b6 5. Bg5 h6 6. Bxf6 Qxf6 7. e3 c5 8. Be2
Bb7 9. O-O Bxc3 10. bxc3 O-O 11. Rb1 d6 12. a4 Nc6 13. d5 Na5 14. Qd3 Ba6 15.
Qe4 exd5 16. Qxd5 Qxc3 17. Rfc1 Qf6 18. Rd1 Rad8 19. Nd2 Qe6 20. Bf1 Qe8 21.
Ra1 Bb7 22. Qh5 Bc6 23. Qg4 Bxa4 24. Rdb1 Bc2 25. Rc1 Bg6 26. Rd1 Nc6 27. Nf3
a5 28. Qg3 Ne5 29. Ra2 Nxf3+ 30. gxf3 Qe5 31. f4 Qc3 32. Rad2 Bc2 33. f5 Bxd1
34. Rxd1 Qe5 35. Qg4 d5 36. f6 Qxf6 37. Bg2 dxc4 38. Rxd8 Rxd8 39. Qxc4 Rd1+
40. Bf1 Qg6+ 41. Kh1 Qb1 42. Kg2 Rxf1 43. Qxf1 Qxf1+ 0-1

[Event "30. Torneo San Viator 2018"]
[Site "Madrid ESP"]
[Date "2018.05.06"]
[Round "4.13"]
[White "Unciti Juan, Javier"]
[Black "Martinez Rubio, Felipe"]
[Result "1-0"]
[WhiteElo "1970"]
[BlackElo "1728"]
[PlyCount "71"]
[EventDate "2018.04.08"]
[EventType "swiss"]
[EventRounds "9"]
[EventCountry "ESP"]
[SourceTitle "Ajedrez en Madrid"]
[Source "lmi"]
[SourceDate "2018.04.08"]

1. e4 g6 2. d4 Bg7 3. Nc3 c6 4. Be3 d5 5. f3 dxe4 6. fxe4 Qb6 7. Qd2 Qxb2 8.
Rb1 Qa3 9. Bc4 Qa5 10. Nge2 Nf6 11. e5 Nd5 12. Nxd5 Qxd2+ 13. Bxd2 cxd5 14.
Bxd5 Nc6 15. O-O O-O 16. c3 Nd8 17. Bg5 Re8 18. Ng3 Rb8 19. Bb3 h6 20. Ba4 b5
21. Rxb5 Nb7 22. Rb2 Kf8 23. Bxe8 Kxe8 24. Bf4 Ra8 25. Rfb1 Nd8 26. Rb8 Rxb8
27. Rxb8 Kd7 28. Ne4 g5 29. Bg3 Ne6 30. h4 Kc7 31. Rb2 Kc6 32. hxg5 hxg5 33.
Rf2 Kd5 34. Nd2 f6 35. exf6 exf6 36. Rf5+ 1-0